Cloud computing : (Record no. 56816)
[ view plain ]
| 000 -LEADER | |
|---|---|
| fixed length control field | 01194 a2200217 4500 |
| 008 - FIXED-LENGTH DATA ELEMENTS--GENERAL INFORMATION | |
| fixed length control field | 210817b ||||| |||| 00| 0 eng d |
| 020 ## - INTERNATIONAL STANDARD BOOK NUMBER | |
| International Standard Book Number | 9781439806807 (hardcover : alk. paper) |
| 020 ## - INTERNATIONAL STANDARD BOOK NUMBER | |
| International Standard Book Number | 1439806802 (hardcover : alk. paper) |
| 050 ## - LIBRARY OF CONGRESS CALL NUMBER | |
| Classification number | TK5105.888 |
| Item number | .R58 2010 |
| 100 ## - MAIN ENTRY--PERSONAL NAME | |
| Personal name | Rittinghouse, John W |
| 245 ## - TITLE STATEMENT | |
| Title | Cloud computing : |
| Remainder of title | implementation, management, and security / |
| Statement of responsibility, etc | John W. Rittinghouse, James F. Ransome |
| 260 ## - PUBLICATION, DISTRIBUTION, ETC. (IMPRINT) | |
| Name of publisher, distributor, etc | CRC Press |
| Date of publication, distribution, etc | 2010. |
| Place of publication, distribution, etc | Boca Raton : |
| 300 ## - PHYSICAL DESCRIPTION | |
| Extent | xxxviii, 301 p. : |
| Other physical details | ill. ; |
| Dimensions | 25 cm |
| 500 ## - GENERAL NOTE | |
| General note | Includes bibliographical references and index |
| 505 ## - FORMATTED CONTENTS NOTE | |
| Formatted contents note | Introduction -- The evolution of cloud computing -- Web services delivered from the cloud -- Building cloud networks -- Virtualization practicum -- Federation, presence, identity, and privacy in the cloud -- Security in the cloud -- Common standards in cloud computing -- End -user access to cloud computing -- Mobile internet devices and the cloud -- Appendix A. Virtualization practicum (Linux) -- Appendix B. Executive scenario for cloud migration |
| 650 ## - SUBJECT ADDED ENTRY--TOPICAL TERM | |
| Topical term or geographic name as entry element | Cloud computing |
| 650 ## - SUBJECT ADDED ENTRY--TOPICAL TERM | |
| Topical term or geographic name as entry element | Web services |
| 650 ## - SUBJECT ADDED ENTRY--TOPICAL TERM | |
| Topical term or geographic name as entry element | Cloud computing |
| 700 ## - ADDED ENTRY--PERSONAL NAME | |
| Personal name | Ransome, James F |
| 942 ## - ADDED ENTRY ELEMENTS (KOHA) | |
| Item type | Book |
| Source of classification or shelving scheme | Library of Congress Classification |
| Withdrawn status | Lost status | Source of classification or shelving scheme | Damaged status | Not for loan | Collection code | Home library | Current library | Shelving location | Date acquired | Source of acquisition | Cost, normal purchase price | Total Checkouts | Full call number | Barcode | Date last seen | Date last borrowed | Copy number | Price effective from | Koha item type |
|---|---|---|---|---|---|---|---|---|---|---|---|---|---|---|---|---|---|---|---|
| Library of Congress Classification | Non-fiction | Bishop Okullu Memorial Library (Limuru Campus) | Bishop Okullu Memorial Library (Limuru Campus) | General Circulation | 17/08/2021 | PURCHASE | 9670.00 | 2 | TK5105.888 .R58 2010 | 066505 | 27/02/2026 | 11/02/2026 | 1 | 17/08/2021 | Book | ||||
| Library of Congress Classification | Non-fiction | Nairobi Campus | Nairobi Campus | General Circulation | 17/08/2021 | PURCHASE | 9670.00 | 2 | TK5105.888 .R58 2010 | 066506 | 20/02/2025 | 17/02/2025 | 2 | 17/08/2021 | Book |